000 00970nmc a2200361 a 4500
003 AR-BaBNM
005 20251128203944.0
008 011101s1981 ||||||||||||||000 | spa||
020 _a84-7046-165-6
040 _cAR-BaBNM
100 1 _aSuárez Miramón, Ana
245 1 0 _aModernismo y 98
_bRubén Dario
260 _aBogotá
_bCincel-Kapelusz
_c1981
300 _a80 p.
490 0 _aCuadernos de estudio. Literatura
500 _aContiene cuadro cronológico
500 _aIndice de las materias
504 _aBibliografía
600 1 4 _aMachado, Antonio
600 1 4 _aDarío, Rubén
650 4 _aLITERATURA ESPANOLA
650 4 _aCRITICA LITERARIA
650 4 _aCULTURA
650 4 _aHUMANIDADES
653 _aMODERNISMO
653 _aGENERACION DE 1898
653 _aGENERACION DE 1898
655 _aLITERATURA
800 1 _aMarín, Marcos F.
_ecoordinador
800 1 _aBasanta, Angel
_ecoordinador
942 _cBK
998 _cCarmen
999 _c5602
_d5602